000
00216 a2200097 4500
001
38227
100
_a
Abdul Rauof
245
_a
Tasveery Tarikh-e-Islam
260
_a
Lahore
_b
Ferozsons
_c
1995
090
_c
24284
_d
24284
942
_a
NUST-CAE
_c
M
_c
15874
999
_c
273300
_d
273300